Statistics for Largest Moons

Click here to take the quiz!

General Stats

  • This quiz has been taken 168 times
  • The average score is 7 of 10

Answer Stats

RadiusMoon% Correct
1818Io
91%
2576Titan
91%
1737Moon
90%
2634Ganymede
89%
1561Europa
87%
2408Callisto
75%
1353Triton
71%
761Oberon
44%
765Rhea
42%
789Titania
42%

Score Distribution

Percentile by Number Answered

Percent of People with Each Score

Your Score History

You have not taken this quiz